The changing roles and responsibilities of local authority chief officers (Record no. 13959)

000 -LEADER
fixed length control field 00430pab a2200157 454500
008 - FIXED-LENGTH DATA ELEMENTS--GENERAL INFORMATION
fixed length control field 180718b1985 xxu||||| |||| 00| 0 eng d
100 ## - MAIN ENTRY--PERSONAL NAME
Personal name Laffin, Martin
245 ## - TITLE STATEMENT
Title The changing roles and responsibilities of local authority chief officers
260 ## - PUBLICATION, DISTRIBUTION, ETC.
Date of publication, distribution, etc. 1985
300 ## - PHYSICAL DESCRIPTION
Extent 41-59
362 ## - DATES OF PUBLICATION AND/OR SEQUENTIAL DESIGNATION
Dates of publication and/or sequential designation Spring
650 ## - SUBJECT ADDED ENTRY--TOPICAL TERM
Topical term or geographic name entry element Municipal Officials - U.K.
700 ## - ADDED ENTRY--PERSONAL NAME
Personal name Ken Young
773 ## - HOST ITEM ENTRY
Main entry heading Public Administration (U.K.)
909 ## -
-- 13959
Holdings
Withdrawn status Lost status Damaged status Not for loan Permanent Location Current Location Date acquired Serial Enumeration / chronology Barcode Date last seen Price effective from Koha item type
        Indian Institute of Public Administration Indian Institute of Public Administration 2018-07-19 Volume no: 63, Issue no: 1 AR14002 2018-07-19 2018-07-19 Articles

Powered by Koha